000 01003cam a22002771 4500
001 gs 63000337
003 DLC
005 20260227111413.0
008 780123s1963 dcuabd b f000 0 eng
010 _ags 63000337
035 _a(OCoLC)3574586
040 _aDLC
_cOClU
_dISS
_dOCoLC
_dDLC
042 _apremarc
050 0 0 _aQE75
_b.P9 no. 407
086 0 _aI 19.16:407/
100 1 _aSchmidt, Robert Gordon,
_d1924-
245 0 0 _aGeology and ore deposits of the Cuyuna North Range, Minnesota.
260 _aWashington,
_bU.S. Govt. Print. Off.,
_c1963.
300 _a96 p.
_billus., map, diagrs., tables and portfolio (11 fold. plates (incl. maps (part col.)))
_c29 cm.
410 2 0 _aGeological Survey (U.S.).
_tProfessional paper,
_v407
504 _aBibliography: p. 87-9l.
650 0 _aGeology
_zMinnesota
_zCuyuna North Range
650 0 _aOre deposits
_zMinnesota
_zCuyuna North Range.
650 0 _aIron ores
_zMinnesota
_zCuyuna North Range
740 4 _aThe Cuyuna North Range, Minnesota.
999 _c29757
_d29757